000 00634nam a2200145Ia 4500
008 100415s9999 xx 000 0 und d
082 _b8725
_a574.9(80)
100 _aHagen Victor Wolfgang Von
245 _aSouth America : The Green World of the Naturalists : Five Centuries of Natural History in South America
260 _aLONDON
_c1951
_bEYRE & SPOTTISWOODE
365 _b0
630 _aSouth America : The Green World of the Naturalists : Five Centuries of Natural History in South America
730 _aSouth America : The Green World of the Naturalists : Five Centuries of Natural History in South America
942 _cBOOK
999 _c591666
_d591663